000 00766nam a2200229 i 4500
001 bg
100 1 _aDMOWSKI, Rafał
245 1 0 _aMotocyklowe instalacje elektryczne /
_cRafał Dmowski.
260 _aWarszawa :
_bWydawnictwa Komunikacji i Łączności,
_c2003.
300 _a100 s., [15] s. tabl. złoż. :
_brys. ;
_c29 cm.
504 _aBibliogr.
650 9 _aMotocykl
_xbudowa i eksploatacja
655 _aPoradniki
020 _a8320614813
040 _cBPK
041 0 _apol
080 _a629.32
920 _a83-206-1481-3
942 _cKS
008 s pl f |000 0 pol
999 _c51795
_d51795
856 _uhttp://koha.tu.koszalin.pl/cgi-bin/koha/opac-detail.pl?biblionumber=51795
_yKatalog online BPK